LEADER 01090nam a2200253 u 4500 001 000000044043 003 CaOOAMICUS 005 20070226114515.0 008 990419s1898 au u000 u ita u 035 $a10820460 040 $aPUL(R)$bita 100 1 $aPacchioni, Giovanni,$d1867-1946.$0(OLS)http://pul/name/18620 245 12$aI contratti a favore di terzi :$bstudio di diritto romano, civile e commerciale /$cprof. Giovanni Pacchioni. 260 $aInnsbruck :$bLibreria Accademica Wagner,$c1898. 300 $av. ;$c25 cm 504 $aBibliografia a pič pagina. 650 4$aDiritto romano.$0(OLS)http://pul/subject/382 850 $aPUL 852 $aPUL$W1$xDP1 Antico 800$y27$m187 A 47$j59323$nBK-PRI$b $qStampati Antico$B59323$CPULBib$Z2$F59323 $H $81 941 1 $a15 960 $aRoman law$9382 960 $aRoman law$9382 996 $6245$aI contratti a favore di terzi :$bstudio di diritto romano, civile e commerciale$9(OLS)http://pul/title/30446 996 $6260$aInnsbruck :$bLibreria Accademica Wagner$9(OLS)http://pul/publisher/65591 LEADER 01287nam a2200301 a 4500 001 000000124560 003 CaOOAMICUS 005 20110304174301.0 008 110304s2010 it ad u000 u ita r 020 $a978-88-348-1462-8 040 $aPUL$bita 082 04$a343.099 245 00$aInsidie telematiche :$bfrodi e sicurezza /$ca cura di Fabio Di Resta ; prefazione di Domenico Vulpiani. 260 $aTorino :$bGiappichelli,$c©2010. 300 $axii, 250 p. ;$c24 cm. 504 $aBibliografia in nota. 650 4$aInformatica e diritto.$0(OLS)http://pul/subject/23615 650 4$aDiritto comunitario$xInformatica.$0(OLS)http://pul/subject/37120 700 1 $aDi Resta, Fabio.$0(OLS)http://pul/name/71209 700 1 $aVulpiani, Domenico.$0(OLS)http://pul/name/78685 850 $aPUL 852 $aPUL$W1$xSL Diritto e Scienze Sociali 3$y79$m343. 099 DIRFA 1$j143440$qDDC 21$B142471$CPULBib$Z2$F142471 $H116353 $82 941 1 $a9 996 $6020$a978-88-348-1462-8$9(OLS)http://pul/number/146577 996 $6082$a343.099$9(OLS)http://pul/classification/1881 996 $6245$aInsidie telematiche :$bfrodi e sicurezza$9(OLS)http://pul/title/157019 996 $6260$aTorino :$bGiappichelli$9(OLS)http://pul/publisher/48244